00349nam a2200133 450000500170000000800410001702000110005808200150006910000260008424500270011026000560013730000090019365000130020220260504124531.0260504b |||||||| |||| 00| 0 eng d a978969 a297bIQR-A aIqrar Hussain Sheikh  aAllah Main Hazir Hoon  aRawalpindi Pakistan bFaiz Ul Islam Printing Press  a176p aEnglish